[Event "SD-2017-0-00280"]
[Site "LSS email"]
[Date "2017.09.29"]
[Round "?"]
[White "Vio, Mauro"]
[Black "Tsirakovsky, Sergey"]
[Result "1-0"]
[WhiteElo "1465"]
[BlackElo "1734"]
[PlyCount "37"]
[EventDate "2017.06.27"]
[EventType "tourn (corr)"]
[EventRounds "6"]
[EventCountry "GER"]
[SourceTitle "Corr 2022"]
[Source "ChessBase"]
[SourceDate "2021.10.24"]
[SourceVersion "1"]
[SourceVersionDate "2021.10.24"]
[SourceQuality "1"]

1. Nf3 d5 2. e3 Nf6 3. Be2 c6 4. 0-0 Nbd7 5. d4 e6 6. c4 dxc4 7. Bxc4 b5 8. Bd3 Bb7 9. Qc2 Rc8 10. e4 Be7 11. Nc3 0-0 12. e5 Nd5 13. Bxh7+ Kh8 14. Be4 f5 15. exf6 N7xf6 16. Ng5 Nxe4 17. Nxe6 Qd6 18. Qxe4 Rf6 19. Ng5 1-0

[Event "SD-2017-0-00275"]
[Site "LSS email"]
[Date "2017.05.26"]
[Round "?"]
[White "Tsirakovsky, Sergey"]
[Black "Nemeth, Laszlo"]
[Result "0-1"]
[WhiteElo "1772"]
[BlackElo "1268"]
[PlyCount "48"]
[EventDate "2017.01.26"]
[EventType "tourn (corr)"]
[EventRounds "6"]
[EventCountry "GER"]
[SourceTitle "Corr 2022"]
[Source "ChessBase"]
[SourceDate "2021.10.24"]
[SourceVersion "1"]
[SourceVersionDate "2021.10.24"]
[SourceQuality "1"]

1. d4 g6 2. e4 d6 3. Be3 Bg7 4. Nc3 a6 5. Qd2 b5 6. f3 Nd7 7. g4 h5 8. h4 hxg4 9. fxg4 Ngf6 10. Be2 c5 11. 0-0-0 c4 12. Bf3 b4 13. Nce2 Qa5 14. Kb1 Nb6 15. e5 Nxg4 16. Bc6+ Bd7 17. Bxa8 c3 18. bxc3 Nc4 19. Qc1 Ngxe3 20. Be4 Nxd1 21. Qxd1 bxc3 22. Qc1 Bh6 23. Nf4 Bxf4 24. Qxf4 Qa3 0-1

[Event "OP-2015-0-03841"]
[Site "LSS email"]
[Date "2015.10.15"]
[Round "?"]
[White "Sitorus, Yosua"]
[Black "Tsirakovsky, Sergey"]
[Result "1-0"]
[WhiteElo "2055"]
[BlackElo "1773"]
[PlyCount "47"]
[EventDate "2015.10.09"]
[EventType "tourn (corr)"]
[EventRounds "4"]
[EventCountry "GER"]
[SourceTitle "Corr 2022"]
[Source "ChessBase"]
[SourceDate "2021.10.24"]
[SourceVersion "1"]
[SourceVersionDate "2021.10.24"]
[SourceQuality "1"]

1. c4 e5 2. Nc3 f5 3. e3 Nc6 4. d4 exd4 5. exd4 Nf6 6. a3 d6 7. Nf3 Be7 8. Bd3 0-0 9. 0-0 d5 10. cxd5 Nxd5 11. Bc4 Be6 12. Re1 Bf7 13. Nxd5 Bxd5 14. Qb3 Bxc4 15. Qxc4+ Kh8 16. d5 Nb8 17. Nd4 Bd6 18. Ne6 Re8 19. Bd2 Qd7 20. Nxg7 Kxg7 21. Bc3+ Kf8 22. Qd4 Re4 23. Qh8+ Kf7 24. f3 1-0

[Event "LSS No Engine Cup 136 Preliminary 0"]
[Site "LSS email"]
[Date "2015.08.07"]
[Round "?"]
[White "Raines, David T"]
[Black "Tsirakovsky, Sergey"]
[Result "0-1"]
[WhiteElo "1444"]
[BlackElo "1885"]
[PlyCount "52"]
[EventDate "2015.08.08"]
[EventType "tourn (corr)"]
[EventRounds "6"]
[EventCountry "GER"]
[SourceTitle "Corr 2022"]
[Source "ChessBase"]
[SourceDate "2021.10.24"]
[SourceVersion "1"]
[SourceVersionDate "2021.10.24"]
[SourceQuality "1"]

1. d4 d5 2. Bf4 e6 3. Nf3 Bd6 4. Bg5 Nf6 5. Nbd2 Nbd7 6. e4 dxe4 7. Nxe4 Be7 8. Bd3 Nxe4 9. Bxe7 Nxf2 10. Kxf2 Qxe7 11. Rf1 Nf6 12. Kg1 0-0 13. c3 b6 14. Qc2 h6 15. Rae1 Bb7 16. Ne5 Rac8 17. Qe2 c5 18. Bb1 cxd4 19. cxd4 Nd7 20. Qd3 g6 21. Qh3 Kg7 22. Qg3 Nxe5 23. dxe5 Rcd8 24. Rf6 Kg8 25. Bxg6 fxg6 26. Rxg6+ Kh7 0-1

[Event "LSS No Engine Cup 136 Preliminary 0"]
[Site "LSS email"]
[Date "2015.08.07"]
[Round "?"]
[White "Tsirakovsky, Sergey"]
[Black "De Ridder, Michael"]
[Result "0-1"]
[WhiteElo "1885"]
[BlackElo "1800"]
[PlyCount "28"]
[EventDate "2015.08.08"]
[EventType "tourn (corr)"]
[EventRounds "6"]
[EventCountry "GER"]
[SourceTitle "Corr 2022"]
[Source "ChessBase"]
[SourceDate "2021.10.24"]
[SourceVersion "1"]
[SourceVersionDate "2021.10.24"]
[SourceQuality "1"]

1. e4 e5 2. Nf3 Nc6 3. Bb5 f5 4. Nc3 fxe4 5. Nxe4 d5 6. Nxe5 dxe4 7. Nxc6 Qg5 8. Qe2 Nf6 9. f4 Qxf4 10. Nxa7+ Bd7 11. Bxd7+ Kxd7 12. Qb5+ Ke6 13. Qxb7 Bd6 14. Qb3+ Kd7 0-1

[Event "RC-2015-0-00175"]
[Site "LSS email"]
[Date "2015.08.02"]
[Round "?"]
[White "Tsirakovsky, Sergey"]
[Black "Korchut, Adam"]
[Result "1/2-1/2"]
[WhiteElo "1904"]
[BlackElo "1820"]
[PlyCount "60"]
[EventDate "2015.06.05"]
[EventType "tourn (corr)"]
[EventRounds "6"]
[EventCountry "GER"]
[SourceTitle "Corr 2022"]
[Source "ChessBase"]
[SourceDate "2021.10.24"]
[SourceVersion "1"]
[SourceVersionDate "2021.10.24"]
[SourceQuality "1"]

1. e4 e5 2. Nf3 Nc6 3. d4 exd4 4. Nxd4 Nf6 5. Nxc6 bxc6 6. e5 Qe7 7. Qe2 Nd5 8. c4 Ba6 9. b3 0-0-0 10. Bb2 f6 11. Qd2 Nb6 12. Be2 fxe5 13. 0-0 Kb8 14. Re1 e4 15. Bd4 c5 16. Bb2 Qd6 17. Bh5 Qxd2 18. Nxd2 d5 19. Rad1 d4 20. Nxe4 g6 21. Bg4 Bc8 22. Bf3 Re8 23. Ba3 Nd7 24. Bg4 Rxe4 25. Rxe4 Nf6 26. Bf3 Nxe4 27. Bxe4 Bd6 28. Bc1 Bb7 29. Bxb7 Kxb7 30. Re1 a5 1/2-1/2

[Event "RC-2015-0-00175"]
[Site "LSS email"]
[Date "2015.08.01"]
[Round "?"]
[White "Tsirakovsky, Sergey"]
[Black "Castignani, Fausto"]
[Result "0-1"]
[WhiteElo "1904"]
[BlackElo "1867"]
[PlyCount "34"]
[EventDate "2015.06.05"]
[EventType "tourn (corr)"]
[EventRounds "6"]
[EventCountry "GER"]
[SourceTitle "Corr 2022"]
[Source "ChessBase"]
[SourceDate "2021.10.24"]
[SourceVersion "1"]
[SourceVersionDate "2021.10.24"]
[SourceQuality "1"]

1. e4 c5 2. Nf3 Nc6 3. d4 cxd4 4. Nxd4 e5 5. Nb5 Nf6 6. N1c3 d6 7. Bg5 a6 8. Na3 b5 9. Nd5 Be7 10. c3 Nxe4 11. Nxe7 Nxe7 12. Qf3 Bb7 13. Bd3 Nxg5 14. Qxb7 d5 15. 0-0 0-0 16. f4 Ne6 17. Bc2 Nc5 0-1